Les séries de Jeux Vidéos les plus vendues - Statistiques

Statistiques générales
  • Ce quiz a été pris 2 997 fois
  • Le résultat moyen est 9 sur 20
Statistiques - réponses
Ventes Réponse % Correct
734 millions Mario
91%
215 millions Call of Duty
82%
158 millions Grand Theft Auto
80%
75 millions The Legend of Zelda
71%
145 millions FIFA
70%
321 millions Pokémon
62%
60 millions Minecraft
60%
112 millions Sonic
53%
107 millions Tetris
44%
77 millions Assassin's Creed
42%
70 millions Pro Evolution Soccer
39%
110 millions Final Fantasy
38%
175 millions Les Sims
24%
90 millions Resident Evil
24%
150 millions Need for Speed
23%
72 millions Gran Turismo
19%
65 millions Donkey Kong
18%
62 millions Dragon Quest
9%
55 millions Tom Clancy
7%
59 millions Ape Escape
0%
Aucun quiz correspondant
Distribution des résultats
% des personnes avec chaque résultat
Percentile par nombre de réponses
Votre historique - résultats
Vous n’avez pas pris ce quiz